000 00948nam a2200277 i 4500
001 000003543
003 DO-SdBNP
005 20231019094730.0
007 ta
008 090710s2007 sp r 000 0 spa d
040 _aDO-SdBNP
_bspa
_cBNPHU
_erda
082 _a017.8
_bC357
110 1 _910962
111 _aCatálogo de participantes del 26 al 30 de septiembre del 2007
_984499
245 1 0 _aExpo Cibao 2007 :
_b20 aniversario expo Cibao : una casa para todos
264 _aSantiago de los Caballeros :
_bCámara de Comercio y Producción de Santiago,
_c2007
300 _a62 paginas. :
_bilustraciones
_c24 cm.
336 _2rdacontent
_atexto
_btxt
337 _2rdamedia
_asin mediación
_bn
338 _2rdacarrier
_avolumen
_bnc
590 _aInventariado, 2023 / DG
650 1 4 _xEXPOSICIONES-REPUBLICA DOMINICANA-CIBAO
_910963
650 1 4 _aFERIAS COMERCIALES-REPUBLICA DOMINICANA-CIBAO
_982438
910 _aDG
942 _2ddc
_cLBS1
999 _c55190
_d55190